Statistics for Audrey Hepburn Movies

Click here to take the quiz!

General Stats

  • This quiz has been taken 497 times
  • The average score is 9 of 27

Answer Stats

YearMovie% Correct
1961Breakfast at Tiffany's
94%
1953Roman Holiday
89%
1954Sabrina
75%
1964My Fair Lady
73%
1957Funny Face
67%
1963Charade
62%
1966How to Steal a Million
40%
1959The Nun's Story
39%
1967Wait Until Dark
38%
1956War and Peace
36%
1967Two for the Road
32%
1964Paris When It Sizzles
31%
1989Always
27%
1976Robin and Marian
27%
1961The Children's Hour
27%
1957Love in the Afternoon
26%
1959Green Mansions
18%
1960The Unforgiven
17%
1979Bloodline
14%
1951The Lavender Hill Mob
11%
1981They All Laughed
11%
1952Monte Carlo Baby
9%
1951Laughter in Paradise
6%
1951One Wild Oat
6%
1948Dutch in Seven Lessons
5%
1952The Secret People
5%
1951Young Wives' Tale
4%

Score Distribution

Percentile by Number Answered

Percent of People with Each Score

Your Score History

You have not taken this quiz